[Event "46th World U20 ch"]
[Site "Yerevan ARM"]
[Date "2007.10.11"]
[Round "8.9"]
[White "Pashikian, Arman"]
[Black "Romanov, Evgeny"]
[Result "1-0"]
[WhiteElo "2534"]
[BlackElo "2515"]
[EventDate "2007.10.03"]
[PlyCount "63"]

1.d4 d5 2.Nf3 Nf6 3.c4 c6 4.Nc3 dxc4 5.a4 Bf5 6.Ne5 Nbd7 7.Nxc4 Qc7 8.g3 
e5 9.dxe5 Nxe5 10.Bf4 Nfd7 11.Bg2 g5 12.Bxe5 Nxe5 13.Qd4 f6 14.O-O-O Be7 
15.Ne3 Be6 16.Qe4 Bb3 17.Rd2 O-O 18.h4 Ng6 19.Bh3 Qe5 20.h5 Qxe4 21.Nxe4 
Ne5 22.f4 Nf7 23.Rd7 Rae8 24.Rxb7 Bxa4 25.Be6 Bd8 26.f5 Kh8 27.Ng4 Re7 28.
Rb8 Bb5 29.Ngxf6 Bxe2 30.Re1 Bd3 31.Rd1 Ne5 32.Nc5 1-0

[Event "46th World U20 ch"]
[Site "Yerevan ARM"]
[Date "2007.10.11"]
[Round "8.10"]
[White "Kaplan, Sasha"]
[Black "Ashwin, Jayaram"]
[Result "1/2-1/2"]
[WhiteElo "2466"]
[BlackElo "2478"]
[EventDate "2007.10.03"]
[PlyCount "133"]

1.e4 c5 2.Nf3 d6 3.d4 cxd4 4.Nxd4 Nf6 5.Nc3 a6 6.Be2 e5 7.Nb3 Be7 8.O-O 
O-O 9.Kh1 Nc6 10.f3 Be6 11.Nd5 a5 12.Be3 a4 13.Nc1 Bxd5 14.exd5 Nd4 15.c4 
Nd7 16.Bd3 Bg5 17.f4 Bh6 18.Qh5 Nf6 19.Qh4 Ne8 20.Qg3 Qe7 21.Qh3 f5 22.
Bxd4 exd4 23.Bxf5 Nc7 24.Nd3 Qf6 25.Bd7 Kh8 26.Rae1 Ra5 27.g4 g5 28.fxg5 
Qxg5 29.Rxf8+ Bxf8 30.Qf3 Bg7 31.Qf7 Qf6 32.Qxf6 Bxf6 33.Rf1 Kg7 34.Nf4 
Bg5 35.Nh5+ Kg8 36.Rd1 Be3 37.Ng3 Rc5 38.Bxa4 Rxc4 39.Bb3 Rc1 40.Nf5 Rxd1+
41.Bxd1 Bf4 42.Nxd4 Be5 43.Nf5 Kf8 44.Bf3 Nb5 45.Kg2 Bxb2 46.a4 Nc3 47.
Nxd6 Nxa4 48.Nxb7 Ba3 49.Be4 h6 50.Kf3 Nc5 51.Na5 Bc1 52.d6 Ne6 53.Bf5 
Ng5+ 54.Kg3 Nf7 55.Nc4 Bg5 56.Kf3 Kg7 57.Ke4 Kf6 58.Bc8 Bd2 59.Bd7 Bb4 60.
Kd5 h5 61.h3 hxg4 62.hxg4 Nxd6 63.Nxd6 Ke7 64.Nf5+ Kxd7 65.g5 Bc3 66.g6 
Ke8 67.Ke6 1/2-1/2

[Event "46th World U20 ch"]
[Site "Yerevan ARM"]
[Date "2007.10.11"]
[Round "8.11"]
[White "Vovk, Yuriy"]
[Black "Gupta, Abhijeet"]
[Result "1/2-1/2"]
[WhiteElo "2561"]
[BlackElo "2470"]
[EventDate "2007.10.03"]
[PlyCount "93"]

1.e4 e5 2.Nf3 Nc6 3.Bb5 a6 4.Ba4 Nf6 5.O-O Bc5 6.d3 d6 7.Bxc6+ bxc6 8.Be3 
Bxe3 9.fxe3 O-O 10.c4 Ng4 11.Qd2 f5 12.exf5 Bxf5 13.h3 Nh6 14.Nc3 Qe7 15.
d4 e4 16.Nh2 Qg5 17.g4 Be6 18.d5 Bd7 19.Rf4 Qg6 20.Raf1 Rxf4 21.Rxf4 Nf7 
22.Nxe4 Re8 23.h4 h5 24.Qc2 Kh8 25.g5 Nxg5 26.hxg5 Bf5 27.Nf3 Bxe4 28.Qd1 
Bxf3 29.Qxf3 Re5 30.e4 Rxg5+ 31.Kf2 cxd5 32.cxd5 Kh7 33.b4 Qe8 34.Rf5 Rxf5
35.Qxf5+ g6 36.Qf4 Kg7 37.Qc1 Qe7 38.a4 h4 39.a5 Qf7+ 40.Kg2 Qd7 41.Qg5 
h3+ 42.Kh2 Qf7 43.Qh4 Qf3 44.Qe7+ Kh6 45.Qh4+ Kg7 46.Qe7+ Kh6 47.Qh4+ 
1/2-1/2

[Event "46th World U20 ch"]
[Site "Yerevan ARM"]
[Date "2007.10.11"]
[Round "8.12"]
[White "Ragger, Markus"]
[Black "Margvelashvili, Giorgi"]
[Result "1-0"]
[WhiteElo "2528"]
[BlackElo "2451"]
[EventDate "2007.10.03"]
[PlyCount "89"]

1.e4 c6 2.d4 d5 3.Nc3 dxe4 4.Nxe4 Bf5 5.Ng3 Bg6 6.h4 h6 7.Nf3 Nd7 8.h5 Bh7
9.Bd3 Bxd3 10.Qxd3 e6 11.Bf4 Qa5+ 12.Bd2 Qc7 13.O-O-O O-O-O 14.Ne4 Ngf6 
15.g3 Nxe4 16.Qxe4 Bd6 17.c4 Nf6 18.Qe2 c5 19.Bc3 cxd4 20.Nxd4 a6 21.Kb1 
Rd7 22.Rc1 Kb8 23.Nb3 Qc6 24.Rh4 Rhd8 25.c5 Bc7 26.Rc4 Qb5 27.g4 Rd5 28.c6
Rd1 29.Rxd1 Rxd1+ 30.Kc2 Rd6 31.Nd4 Qd5 32.Rb4 Qe4+ 33.Qxe4 Nxe4 34.Rxb7+ 
Kc8 35.Ra7 Bb6 36.Rxa6 Bxd4 37.Ba5 Ba7 38.f3 Ng5 39.Rxa7 Rxc6+ 40.Bc3 g6 
41.f4 Ne4 42.g5 hxg5 43.h6 Nxc3 44.bxc3 Kb8 45.Rxf7 1-0

[Event "46th World U20 ch"]
[Site "Yerevan ARM"]
[Date "2007.10.11"]
[Round "8.13"]
[White "Sanikidze, Tornike"]
[Black "Howell, David"]
[Result "1/2-1/2"]
[WhiteElo "2455"]
[BlackElo "2527"]
[EventDate "2007.10.03"]
[PlyCount "92"]

1.d4 Nf6 2.c4 g6 3.Nc3 d5 4.Bg5 Ne4 5.Bh4 Nxc3 6.bxc3 dxc4 7.e3 Be6 8.Qb1 
Qd5 9.Be2 Qa5 10.Qc2 c5 11.Nf3 Nc6 12.O-O Bg7 13.Ng5 Bd5 14.e4 cxd4 15.
exd5 d3 16.Bxd3 cxd3 17.Qb3 Ne5 18.d6 Qb6 19.dxe7 Qxb3 20.axb3 Bf6 21.Rfe1
Nc6 22.Rad1 Bxc3 23.Re3 Bf6 24.Nxf7 Bxh4 25.Nd6+ Kd7 26.e8=Q+ Raxe8 27.
Nxe8 Be7 28.Ng7 Nb4 29.Ne6 g5 30.Re4 Rc8 31.Nxg5 Rc3 32.Nf3 Rxb3 33.Ne5+ 
Kd6 34.Nxd3 Nxd3 35.Rd4+ Kc6 36.R4xd3 Rxd3 37.Rxd3 a5 38.Kf1 a4 39.Ke2 b5 
40.Kd2 b4 41.f4 Bf6 42.Kc1 b3 43.Kb1 Kc5 44.g4 Kb4 45.Rd6 Bc3 46.Rb6+ Kc4 
1/2-1/2

[Event "46th World U20 ch"]
[Site "Yerevan ARM"]
[Date "2007.10.11"]
[Round "8.14"]
[White "Llaneza Vega, Marcos"]
[Black "Feller, Sebastien"]
[Result "1-0"]
[WhiteElo "2426"]
[BlackElo "2513"]
[EventDate "2007.10.03"]
[PlyCount "157"]

1.e4 d5 2.exd5 Qxd5 3.Nc3 Qa5 4.Bc4 Nf6 5.d3 c6 6.Bd2 Qe5+ 7.Nge2 Qc7 8.
Bg5 Nbd7 9.Qd2 e6 10.O-O-O b5 11.Bb3 a5 12.a4 Bb4 13.Nd4 Qd6 14.Bxf6 gxf6 
15.Nde2 Nc5 16.Qh6 f5 17.d4 Nxb3+ 18.cxb3 bxa4 19.Nxa4 Rb8 20.Nf4 Ba3 21.
Rd3 Qf8 22.Qh5 Bd6 23.g3 Qg7 24.Qd1 Rb4 25.Re1 O-O 26.Kb1 Ba6 27.Rd2 Rfb8 
28.Nc5 Bb5 29.Re3 a4 30.bxa4 Bc4 31.Nh5 Qg6 32.Nf4 Qg7 33.Nh5 Qh6 34.Nd7 
Ra8 35.Ra3 Kh8 36.Ne5 Kg8 37.Nf4 Qf6 38.Nh5 Qh6 39.Nf4 Bd5 40.Nxd5 cxd5 
41.f4 Qf8 42.Rc2 Bxe5 43.fxe5 Rbxa4 44.Rxa4 Rxa4 45.Qc1 Ra8 46.Qg5+ Kh8 
47.Qf6+ Kg8 48.Rc7 Qe8 49.Qg5+ Kf8 50.Qf6 Kg8 51.b3 Rb8 52.Qg5+ Kf8 53.Kb2
Rc8 54.Qh6+ Kg8 55.Qc1 Rxc7 56.Qxc7 Qb5 57.Ka3 Qd3 58.Qc5 Kg7 59.Ka4 Qa6+ 
60.Kb4 Qa2 61.Qc1 Kg6 62.h4 h6 63.Qc3 Qa7 64.Kb5 Qb7+ 65.Ka4 Qa6+ 66.Kb4 
Qa7 67.Qc5 Qa1 68.Kb5 Qf1+ 69.Kc6 Qa6+ 70.Kc7 Qd3 71.b4 Qxg3 72.b5 f4 73.
b6 f3 74.b7 f2 75.b8=Q Qf4 76.Qb1+ Kh5 77.Qf1 Kxh4 78.Qc2 Kg3 79.Qcd3+ 1-0

[Event "46th World U20 ch"]
[Site "Yerevan ARM"]
[Date "2007.10.11"]
[Round "8.15"]
[White "Bulski, Krzysztof"]
[Black "Deepan Chakravarthy, Jeyakumar"]
[Result "1/2-1/2"]
[WhiteElo "2421"]
[BlackElo "2492"]
[EventDate "2007.10.03"]
[PlyCount "86"]

1.e4 c5 2.Nf3 d6 3.d4 cxd4 4.Nxd4 Nf6 5.Nc3 a6 6.Be3 e6 7.Be2 Be7 8.O-O 
O-O 9.f4 Qc7 10.Kh1 Nc6 11.Qe1 Bd7 12.Qg3 Kh8 13.Rae1 b5 14.a3 b4 15.axb4 
Nxb4 16.Bf3 e5 17.fxe5 dxe5 18.Nf5 Bxf5 19.exf5 Nxc2 20.Bxa8 Nxe1 21.Rxe1 
Rxa8 22.Bd4 Bd6 23.Bxe5 Bxe5 24.Qxe5 Qxe5 25.Rxe5 Rb8 26.Re2 h5 27.g3 Rc8 
28.Re7 Kg8 29.Ra7 Rc5 30.Rxa6 Rxf5 31.Kg1 Ng4 32.Ra1 Rf3 33.Ne4 Re3 34.Nc3
Rf3 35.Ne4 Rb3 36.Rb1 g6 37.Nc5 Re3 38.b4 Rc3 39.Na6 Rc2 40.b5 Ne5 41.Rb3 
Rc1+ 42.Kf2 Rc2+ 43.Kg1 Rc1+ 1/2-1/2

[Event "46th World U20 ch"]
[Site "Yerevan ARM"]
[Date "2007.10.11"]
[Round "8.17"]
[White "Rohit, Gogineni"]
[Black "Kalashian, David"]
[Result "1-0"]
[WhiteElo "2491"]
[BlackElo "2361"]
[EventDate "2007.10.03"]
[PlyCount "141"]

1.e4 c5 2.Nf3 d6 3.d4 cxd4 4.Nxd4 Nf6 5.Nc3 a6 6.Be2 e6 7.O-O Be7 8.f4 O-O
9.Kh1 Qc7 10.Be3 Nc6 11.Qe1 Bd7 12.Rd1 Rac8 13.Qg3 Kh8 14.Bf3 Ne8 15.Nxc6 
Bxc6 16.Bd4 b5 17.a3 a5 18.b4 axb4 19.axb4 Rd8 20.Rd2 Bf6 21.Rfd1 Bxd4 22.
Rxd4 Rc8 23.Qe1 Qe7 24.R4d3 g5 25.e5 Bxf3 26.Rxf3 d5 27.Nxb5 Rxc2 28.f5 
Rc4 29.Nd4 exf5 30.Rxf5 Ng7 31.Rf6 Qxb4 32.Qxb4 Rxb4 33.e6 Rxd4 34.Rxd4 
Nxe6 35.Rxd5 Kg7 36.Rf2 h6 37.g3 Kg6 38.Kg2 Kg7 39.Rd7 Kg6 40.Re7 Nd4 41.
Rd2 Ne6 42.Rdd7 Kf6 43.Kf3 Nd4+ 44.Kf2 Ne6 45.Ra7 Kg6 46.Kf3 Kf6 47.Ke4 
Nc5+ 48.Kd5 Ne6 49.Red7 Ng7 50.Ra2 Kg6 51.Ra6+ Ne6 52.Ke5 Rb8 53.Ra2 Rb5+ 
54.Rd5 Rb1 55.Rf2 Re1+ 56.Kd6 Ng7 57.Kd7 Ne6 58.Ra5 Ng7 59.Ra6+ Re6 60.
Rxe6+ fxe6 61.g4 h5 62.h3 hxg4 63.hxg4 e5 64.Ke7 e4 65.Rf6+ Kh7 66.Kf7 Nh5
67.gxh5 e3 68.Rg6 e2 69.Re6 g4 70.Rxe2 Kh6 71.Rh2 1-0

[Event "46th World U20 ch"]
[Site "Yerevan ARM"]
[Date "2007.10.11"]
[Round "8.18"]
[White "Tamazian, Haik"]
[Black "Brandenburg, Daan"]
[Result "0-1"]
[WhiteElo "2072"]
[BlackElo "2483"]
[EventDate "2007.10.03"]
[PlyCount "70"]

1.e4 c5 2.Ne2 Nc6 3.g3 d5 4.Bg2 dxe4 5.Bxe4 Nf6 6.Bg2 Bf5 7.d3 Qd7 8.Nbc3 
e6 9.Bf4 Be7 10.Qd2 Rc8 11.O-O O-O 12.Ne4 Rfd8 13.Rad1 h6 14.Be3 b6 15.Nf4
c4 16.Nxf6+ Bxf6 17.d4 Bxd4 18.c3 e5 19.Bxd4 exd4 20.Bxc6 Rxc6 21.cxd4 Rd6
22.d5 g5 23.Ng2 Bd3 24.Ne3 f5 25.f4 Bxf1 26.Kxf1 gxf4 27.gxf4 Kh7 28.Qc2 
Rg6 29.Rd2 Rdg8 30.Qxc4 Qe7 31.Ke2 Rg2+ 32.Kd3 Rc8 33.Nxf5 Qe1 34.Qb4 
Rxd2+ 35.Qxd2 Qb1+ 0-1

[Event "46th World U20 ch"]
[Site "Yerevan ARM"]
[Date "2007.10.11"]
[Round "8.19"]
[White "Khairullin, Ildar"]
[Black "Alvarez Ramirez, Miguel Angel"]
[Result "1-0"]
[WhiteElo "2567"]
[BlackElo "2204"]
[EventDate "2007.10.03"]
[PlyCount "87"]

1.e4 c5 2.Ne2 e6 3.d4 d5 4.exd5 exd5 5.g3 Nc6 6.Bg2 cxd4 7.Nxd4 Bc5 8.Nb3 
Qe7+ 9.Qe2 Be6 10.O-O Bb6 11.Nc3 Rd8 12.Na4 Nf6 13.Nxb6 axb6 14.Qb5 Qb4 
15.Qxb4 Nxb4 16.Nd4 Rc8 17.c3 Nd3 18.Rb1 Nxc1 19.Rbxc1 Ke7 20.Rc2 Rhd8 21.
Re2 Kd6 22.Nxe6 fxe6 23.Rfe1 Re8 24.Rxe6+ Rxe6 25.Rxe6+ Kxe6 26.Bh3+ Kd6 
27.Bxc8 Kc7 28.Bf5 g6 29.Bd3 Kd6 30.f4 d4 31.c4 Ng4 32.b4 Ne3 33.Kf2 Nd1+ 
34.Kf3 Nc3 35.a3 b5 36.cxb5 Kd5 37.g4 Nd1 38.Bc2 Ne3 39.Bb3+ Kd6 40.a4 h6 
41.b6 g5 42.f5 Kc6 43.a5 Kd6 44.f6 1-0

[Event "46th World U20 ch"]
[Site "Yerevan ARM"]
[Date "2007.10.11"]
[Round "8.20"]
[White "Mamikonian, Tigran"]
[Black "Simonian, Hrair"]
[Result "1/2-1/2"]
[WhiteElo "2257"]
[BlackElo "2405"]
[EventDate "2007.10.03"]
[PlyCount "131"]

1.e4 c5 2.Nf3 e6 3.d4 cxd4 4.Nxd4 a6 5.Nc3 b5 6.Bd3 Bc5 7.Nb3 Be7 8.Qg4 g6
9.Qe2 d6 10.O-O h5 11.f4 Nf6 12.e5 Ng4 13.h3 Qb6+ 14.Kh1 dxe5 15.fxe5 Bb7 
16.a4 b4 17.a5 Qc7 18.Na4 Qxe5 19.Bf4 Qxe2 20.Bxe2 e5 21.Bd2 Nf6 22.Nbc5 
Ne4 23.Nxe4 Bxe4 24.Nb6 Ra7 25.c3 Nc6 26.Be3 bxc3 27.bxc3 O-O 28.Bc4 Kg7 
29.Nc8 Rc7 30.Nxe7 Nxe7 31.Bxa6 Rxc3 32.Rfe1 Ra8 33.Bf1 f5 34.a6 Nd5 35.
Bf2 Rxh3+ 36.Kg1 Rc3 37.a7 Nb4 38.Red1 Rc7 39.Rdc1 Rxc1 40.Rxc1 Nc6 41.Bb5
Nd4 42.Rc7+ Kf6 43.Bc4 g5 44.Be1 h4 45.Bb4 Rh8 46.Be7+ Kg6 47.Rd7 h3 48.
Rd6+ Kh5 49.gxh3 Kh4 50.Kf2 Kxh3 51.Bxg5 Kg4 52.Bh6 f4 53.Bd5 Bxd5 54.Rxd5
Nc6 55.Rc5 Nxa7 56.Bg7 Rh2+ 57.Kg1 Re2 58.Bxe5 Kf3 59.Bb8 Re1+ 60.Kh2 Re2+
61.Kg1 Re7 62.Rc3+ Kg4 63.Bxa7 Rxa7 64.Kf2 Ra2+ 65.Kf1 f3 66.Rc8 1/2-1/2

[Event "46th World U20 ch"]
[Site "Yerevan ARM"]
[Date "2007.10.11"]
[Round "8.21"]
[White "Bregadze, Levan"]
[Black "Khamrakulov, Dzhurabek"]
[Result "0-1"]
[WhiteElo "2388"]
[BlackElo "2359"]
[EventDate "2007.10.03"]
[PlyCount "90"]

1.d4 d5 2.Nf3 e6 3.c4 c5 4.cxd5 exd5 5.Nc3 Nc6 6.Bf4 Nf6 7.e3 Be6 8.Be2 
Be7 9.dxc5 Bxc5 10.O-O O-O 11.Rc1 Be7 12.Nb5 Rc8 13.Nfd4 Qb6 14.Nxe6 fxe6 
15.Rc2 Ne4 16.Qc1 a6 17.Nc3 Nc5 18.Bg4 h5 19.Na4 Nxa4 20.Bxe6+ Kh7 21.Bxc8
Rxc8 22.Qd1 g6 23.Qxd5 Rf8 24.Rfc1 Qb5 25.Qd7 Rd8 26.Qe6 Qd5 27.Qxd5 Rxd5 
28.e4 Rb5 29.b3 Nc5 30.Rd1 g5 31.a4 Rxb3 32.Bxg5 Bf8 33.Be3 Nxa4 34.h3 Nc3
35.Rd7+ Kg6 36.Kh2 Nxe4 37.Rxb7 Rxb7 38.Rxc6+ Kf5 39.Rxa6 Bd6+ 40.g3 h4 
41.Kg2 hxg3 42.Ra5+ Ke6 43.Ra4 Nxf2 44.Bf4 Bxf4 45.Rxf4 Ke5 0-1

[Event "46th World U20 ch"]
[Site "Yerevan ARM"]
[Date "2007.10.11"]
[Round "8.22"]
[White "Galic, Ivan"]
[Black "Hambardzumian, Yuri"]
[Result "1/2-1/2"]
[WhiteElo "2255"]
[BlackElo "2387"]
[EventDate "2007.10.03"]
[PlyCount "117"]

1.c4 g6 2.Nc3 Bg7 3.g3 c5 4.Bg2 Nc6 5.a3 d6 6.Rb1 a5 7.d3 e5 8.Nd5 Nge7 9.
Bg5 h6 10.Bxe7 Nxe7 11.e3 O-O 12.Ne2 Nxd5 13.Bxd5 Bh3 14.Ng1 Be6 15.Bxb7 
Rb8 16.Be4 f5 17.Bd5 Bxd5 18.cxd5 f4 19.e4 f3 20.h4 Qd7 21.Kf1 c4 22.Nxf3 
c3 23.Kg2 Qg4 24.Qe2 c2 25.Rbc1 Rxb2 26.h5 g5 27.Rhe1 Qxh5 28.Nd2 g4 29.
Rh1 Qf7 30.Nc4 Ra2 31.Rhe1 h5 32.Rxc2 Rxc2 33.Qxc2 h4 34.Qe2 Qh5 35.gxh4 
Rf6 36.Ne3 Rf3 37.Nf5 Bf6 38.Rb1 Bxh4 39.Rb8+ Kh7 40.Rb7+ Kg6 41.Rd7 Rxf2+
42.Qxf2 Bxf2 43.Kxf2 Kg5 44.Ke3 Qh3+ 45.Kd2 Qg2+ 46.Kc3 Qa2 47.Nxd6 g3 48.
Rg7+ Kf4 49.Rf7+ Kg5 50.Rg7+ Kh5 51.Nf5 g2 52.Ng3+ Kh4 53.Nf5+ Kh3 54.d6 
Qxa3+ 55.Kc4 a4 56.Rh7+ Kg4 57.Rg7+ Kh3 58.Rh7+ Kg4 59.Rg7+ 1/2-1/2

[Event "46th World U20 ch"]
[Site "Yerevan ARM"]
[Date "2007.10.11"]
[Round "8.23"]
[White "Garcia Cardenas, Pablo"]
[Black "Alaguzov, Maxat"]
[Result "1-0"]
[WhiteElo "2149"]
[BlackElo "2358"]
[EventDate "2007.10.03"]
[PlyCount "93"]

1.Nf3 d5 2.d4 c6 3.g3 Nf6 4.Bg2 Bf5 5.O-O Nbd7 6.Nbd2 e6 7.c4 Bd6 8.b3 h6 
9.Bb2 O-O 10.Ne5 Bxe5 11.dxe5 Ng4 12.Nf3 Be4 13.cxd5 cxd5 14.Qd4 Qb6 15.
Qa4 Bxf3 16.exf3 Ngxe5 17.f4 Nc6 18.f5 Qb4 19.fxe6 fxe6 20.Bh3 Rfe8 21.
Qxb4 Nxb4 22.Bc3 Na6 23.Rfe1 Ndc5 24.Bd4 Ne4 25.Rac1 e5 26.Bb2 Ng5 27.Bg4 
e4 28.Red1 Rad8 29.Bd4 b6 30.Rc6 Re7 31.a3 Nc7 32.a4 Nce6 33.Bb2 d4 34.Kg2
Kf7 35.h4 Nf3 36.Ba3 Ree8 37.Bf5 Ne5 38.Rd6 Rxd6 39.Bxd6 d3 40.Bxe5 Nc5 
41.Bf4 Nxb3 42.h5 Kf6 43.Bg6 Re6 44.Be3 Ke5 45.f3 Nc5 46.fxe4 Rd6 47.Bf4+ 
1-0

[Event "46th World U20 ch"]
[Site "Yerevan ARM"]
[Date "2007.10.11"]
[Round "8.24"]
[White "Gevorgian, David"]
[Black "Kulakov, Viacheslav"]
[Result "0-1"]
[WhiteElo "2141"]
[BlackElo "2261"]
[EventDate "2007.10.03"]
[PlyCount "80"]

1.g3 d5 2.Bg2 Nf6 3.d3 c6 4.Nf3 Bg4 5.b3 Nbd7 6.Bb2 e6 7.O-O Be7 8.Nbd2 
O-O 9.h3 Bh5 10.e4 a5 11.a3 a4 12.b4 c5 13.c3 d4 14.cxd4 cxb4 15.axb4 b5 
16.Bc3 Rc8 17.Nb1 Bxf3 18.Bxf3 Nb8 19.Qd2 Qd7 20.Na3 Rc7 21.Nc2 Rfc8 22.
Ra3 Rc6 23.d5 R6c7 24.Nd4 Na6 25.Nc6 exd5 26.Nxe7+ Qxe7 27.exd5 Qd6 28.Re1
Re7 29.Rxe7 Qxe7 30.Qf4 Rxc3 31.Rxc3 Qe1+ 32.Kg2 Qxc3 33.Qd6 Qc8 34.Qb6 a3
35.d6 Nxb4 36.Qa5 a2 37.Kh2 h6 38.Be4 g6 39.Qa7 Kg7 40.Qc7 Qa6 0-1

[Event "46th World U20 ch"]
[Site "Yerevan ARM"]
[Date "2007.10.11"]
[Round "8.26"]
[White "Kjartansson, Gudmundur"]
[Black "Ibarra Chami, Luis Fernando"]
[Result "0-1"]
[WhiteElo "2324"]
[BlackElo "2416"]
[EventDate "2007.10.03"]
[PlyCount "94"]

1.d4 d5 2.c4 e6 3.Nc3 Nf6 4.cxd5 exd5 5.Bg5 Nbd7 6.Nf3 Bb4 7.e3 c5 8.Bd3 
Qa5 9.Qc2 c4 10.Bf5 O-O 11.O-O Re8 12.Nd2 g6 13.Bh3 Kg7 14.f3 h6 15.Bxf6+ 
Nxf6 16.Bxc8 Raxc8 17.Rae1 Rc6 18.Rf2 Ra6 19.Nf1 Qd8 20.Qd1 b5 21.Ng3 h5 
22.Rfe2 h4 23.Nh1 Nh5 24.Nf2 f5 25.Qc1 Rae6 26.a3 Bxc3 27.Qxc3 Nf4 28.Rd2 
Qg5 29.Nd1 a6 30.Kh1 Nd3 31.Rxd3 cxd3 32.Qxd3 Qe7 33.f4 Qc7 34.Kg1 Qc1 35.
Kf2 Rc6 36.Re2 Rec8 37.Qb3 Rc2 38.Nc3 Rxe2+ 39.Kxe2 Rc4 40.Kf2 Qd2+ 41.Kf3
Qe1 42.Qc2 Kf7 43.Qe2 Qg1 44.h3 Ke6 45.Nd1 Rc1 46.Nf2 Qh2 47.Qd2 Rf1 0-1

[Event "46th World U20 ch"]
[Site "Yerevan ARM"]
[Date "2007.10.11"]
[Round "8.27"]
[White "Ter-Sahakyan, Samvel"]
[Black "Arngrimsson, Dagur"]
[Result "0-1"]
[WhiteElo "2389"]
[BlackElo "2323"]
[EventDate "2007.10.03"]
[PlyCount "118"]

1.e4 e5 2.Nf3 Nc6 3.Bb5 a6 4.Ba4 Nf6 5.O-O Be7 6.d4 exd4 7.e5 Ne4 8.Nxd4 
Nxd4 9.Qxd4 Nc5 10.Bb3 O-O 11.Bf4 Ne6 12.Bxe6 dxe6 13.Qe3 c5 14.Nc3 Qc7 
15.Bg5 Bxg5 16.Qxg5 b6 17.Ne4 Bb7 18.Nd6 f6 19.Qg4 Bd5 20.f4 c4 21.Qe2 
Qc5+ 22.Qf2 Qc6 23.Qd2 Rad8 24.Rfe1 g5 25.f5 h6 26.fxe6 Bxe6 27.Rad1 fxe5 
28.Rxe5 Rf6 29.Rxg5+ Kh7 30.Re5 Bf7 31.Rde1 Qxd6 32.Qe3 Qd4 33.h3 Qxe3+ 
34.R5xe3 Rd2 35.R3e2 Rxe2 36.Rxe2 Kg6 37.Kh2 Rf5 38.c3 Rd5 39.Kg3 Rd3+ 40.
Kf4 h5 41.Rf2 Kf6 42.a3 Bg6 43.g3 Rd1 44.g4 Rd3 45.h4 Rh3 46.gxh5 Bf5 47.
Rd2 Rxh4+ 48.Kg3 Rh3+ 49.Kf4 Rd3 50.Rg2 Rh3 51.Rg8 Rh4+ 52.Kg3 Rxh5 53.Rb8
b5 54.Rb6+ Ke5 55.Rxa6 Rh3+ 56.Kg2 Rd3 57.a4 Rd2+ 58.Kg1 Rxb2 59.axb5 Rxb5
0-1

[Event "46th World U20 ch"]
[Site "Yerevan ARM"]
[Date "2007.10.11"]
[Round "8.29"]
[White "Vlashki, Nino"]
[Black "Nasri, Amin"]
[Result "0-1"]
[WhiteElo "2077"]
[BlackElo "2364"]
[EventDate "2007.10.03"]
[PlyCount "48"]

1.e4 e5 2.Nf3 Nf6 3.d4 Nxe4 4.Bd3 Nc6 5.Bxe4 d5 6.Bxh7 Rxh7 7.Nxe5 Nxe5 8.
dxe5 Bf5 9.Nc3 d4 10.Ne2 Bc5 11.Nf4 Qd7 12.Nd3 Be7 13.Qf3 c5 14.b3 g5 15.
g3 Rc8 16.O-O b5 17.Re1 Qe6 18.Qb7 Kf8 19.a4 b4 20.Qg2 c4 21.bxc4 Rxc4 22.
Qa8+ Rc8 23.Qxa7 Qd5 24.Re2 Qf3 0-1

[Event "46th World U20 ch"]
[Site "Yerevan ARM"]
[Date "2007.10.11"]
[Round "8.30"]
[White "Javakhadze, Zurab"]
[Black "Hungaski, Robert"]
[Result "0-1"]
[WhiteElo "2167"]
[BlackElo "2432"]
[EventDate "2007.10.03"]
[PlyCount "74"]

1.d4 d5 2.Nf3 Nf6 3.c4 e6 4.Nc3 c6 5.cxd5 exd5 6.Qc2 Be7 7.Bg5 Nbd7 8.e3 
O-O 9.Bd3 Re8 10.O-O g6 11.Bxf6 Nxf6 12.Rae1 Bd6 13.e4 dxe4 14.Nxe4 Nxe4 
15.Bxe4 Be6 16.Qa4 Qb6 17.d5 cxd5 18.Bxd5 Qb4 19.Qxb4 Bxb4 20.Rd1 Bxd5 21.
Rxd5 Re2 22.Rb5 Rxb2 23.Rxb7 a5 24.Ne5 Re8 25.Nd7 Ree2 26.a4 Kg7 27.Rb5 
Ra2 28.Nb6 Be1 29.Nc4 Bxf2+ 30.Kh1 Bd4 31.Rg5 Rf2 32.Rd1 Bf6 33.Rg3 Rxa4 
34.Ne3 Be5 35.Rh3 Raa2 36.Rh4 Bf4 37.Nc4 g5 0-1

[Event "46th World U20 ch"]
[Site "Yerevan ARM"]
[Date "2007.10.12"]
[Round "9.2"]
[White "Grigorian, Avetik"]
[Black "Meier, Georg"]
[Result "1/2-1/2"]
[WhiteElo "2489"]
[BlackElo "2558"]
[EventDate "2007.10.03"]
[PlyCount "39"]

1.d4 Nf6 2.c4 e6 3.Nf3 Bb4+ 4.Nbd2 b6 5.a3 Bxd2+ 6.Qxd2 Bb7 7.e3 O-O 8.Be2
d5 9.O-O c5 10.b4 cxd4 11.Nxd4 dxc4 12.Bxc4 Nc6 13.Nxc6 Bxc6 14.Qe2 Ne4 
15.Bb2 Qg5 16.f3 Nd6 17.Bd3 Rac8 18.Rac1 Rfd8 19.Ba6 Bb5 20.Bxb5 1/2-1/2

[Event "46th World U20 ch"]
[Site "Yerevan ARM"]
[Date "2007.10.12"]
[Round "9.6"]
[White "Stellwagen, Daniel"]
[Black "Rohit, Gogineni"]
[Result "1/2-1/2"]
[WhiteElo "2639"]
[BlackElo "2491"]
[EventDate "2007.10.03"]
[PlyCount "58"]

1.e4 e5 2.Nf3 Nc6 3.Bb5 a6 4.Ba4 Nf6 5.O-O Bc5 6.c3 b5 7.Bb3 d6 8.a4 Bg4 
9.h3 Bxf3 10.Qxf3 Na5 11.Bd1 b4 12.d3 O-O 13.Nd2 Rb8 14.Rb1 h6 15.Nb3 Nxb3
16.Bxb3 c6 17.Kh1 bxc3 18.bxc3 d5 19.Ba2 Rxb1 20.Bxb1 Qe7 21.Qe2 a5 22.Re1
Rb8 23.Bc2 d4 24.cxd4 Bxd4 25.Rf1 Qc5 26.g3 Bb2 27.Be3 Bd4 28.Bc1 Bb2 29.
Be3 Bd4 1/2-1/2

[Event "46th World U20 ch"]
[Site "Yerevan ARM"]
[Date "2007.10.12"]
[Round "9.9"]
[White "Ashwin, Jayaram"]
[Black "Ragger, Markus"]
[Result "0-1"]
[WhiteElo "2478"]
[BlackElo "2528"]
[EventDate "2007.10.03"]
[PlyCount "100"]

1.d4 Nf6 2.Nf3 d5 3.c4 c6 4.e3 Bf5 5.Nc3 e6 6.Nh4 Bg6 7.Nxg6 hxg6 8.Rb1 
Nbd7 9.c5 a5 10.a3 Be7 11.g3 e5 12.Bg2 e4 13.f3 exf3 14.Bxf3 Nh7 15.e4 
dxe4 16.Nxe4 O-O 17.O-O Ndf6 18.Nc3 Qd7 19.Be3 Rad8 20.b4 axb4 21.axb4 
Rfe8 22.Re1 Qf5 23.g4 Qc8 24.h3 Nf8 25.Qa4 Qc7 26.Kg2 Ne6 27.b5 Nd5 28.
Nxd5 cxd5 29.b6 Qb8 30.Qa7 Qc8 31.Qa4 Bh4 32.Re2 Qb8 33.Kh1 Qg3 34.Bg2 
Nxc5 35.dxc5 Rxe3 36.Rxe3 Qxe3 37.c6 bxc6 38.Qxc6 Bg3 39.b7 Bb8 40.Qb6 Qg5
41.Re1 d4 42.Bc6 Kh7 43.Rd1 Rd6 44.Qb5 Qh4 45.Bg2 Re6 46.Qd3 Re3 47.Qxd4 
Qg3 48.Kg1 Re2 49.Qd5 Qf2+ 50.Kh1 Re1+ 0-1

[Event "46th World U20 ch"]
[Site "Yerevan ARM"]
[Date "2007.10.12"]
[Round "9.12"]
[White "Jojua, Davit"]
[Black "Khairullin, Ildar"]
[Result "1/2-1/2"]
[WhiteElo "2434"]
[BlackElo "2567"]
[EventDate "2007.10.03"]
[PlyCount "22"]

1.d4 Nf6 2.c4 e6 3.Nf3 b6 4.Bg5 Bb7 5.Nc3 Bb4 6.Nd2 h6 7.Bh4 Be7 8.e4 O-O 
9.Bg3 d6 10.Be2 Nc6 11.Nf3 d5 1/2-1/2

[Event "46th World U20 ch"]
[Site "Yerevan ARM"]
[Date "2007.10.12"]
[Round "9.15"]
[White "Howell, David"]
[Black "Bulski, Krzysztof"]
[Result "1-0"]
[WhiteElo "2527"]
[BlackElo "2421"]
[EventDate "2007.10.03"]
[PlyCount "69"]

1.e4 c5 2.Nf3 d6 3.c3 Nf6 4.Bd3 Nc6 5.h3 e6 6.Bc2 Be7 7.O-O O-O 8.Re1 b6 
9.d4 Bb7 10.Nbd2 cxd4 11.cxd4 Rc8 12.a3 Nd7 13.Nf1 Bf6 14.Be3 Na5 15.Ng3 
g6 16.Bd3 Re8 17.Qe2 e5 18.d5 Nb3 19.Rad1 Ndc5 20.Bb5 Re7 21.h4 a6 22.Bc4 
b5 23.Bxb3 Nxb3 24.Bg5 Bxg5 25.hxg5 Qa5 26.Qe3 Qa4 27.Qb6 Rd7 28.Nh2 Kg7 
29.Ng4 Qa5 30.Qe3 Nd4 31.Rxd4 exd4 32.Qxd4+ Kf8 33.b4 Qc7 34.Qh8+ Ke7 35.
Nf5+ 1-0

[Event "46th World U20 ch"]
[Site "Yerevan ARM"]
[Date "2007.10.12"]
[Round "9.17"]
[White "Deepan Chakravarthy, Jeyakumar"]
[Black "Garcia Cardenas, Pablo"]
[Result "1-0"]
[WhiteElo "2492"]
[BlackElo "2149"]
[EventDate "2007.10.03"]
[PlyCount "53"]

1.e4 c6 2.d4 d5 3.exd5 cxd5 4.c4 Nf6 5.Nf3 e6 6.Nc3 Be7 7.Bd3 O-O 8.O-O b6
9.cxd5 Nxd5 10.Nxd5 exd5 11.Ne5 Qd6 12.Bf4 Qf6 13.Bg3 Be6 14.Re1 Bd6 15.
Rc1 a6 16.f4 Bb4 17.Rf1 b5 18.f5 Bc8 19.Rc2 Qb6 20.f6 Qxd4+ 21.Kh1 g6 22.
Qc1 Nd7 23.Nxd7 Qxd3 24.Ne5 Qxf1+ 25.Qxf1 Bf5 26.Rf2 Be4 27.Nc6 1-0

[Event "46th World U20 ch"]
[Site "Yerevan ARM"]
[Date "2007.10.12"]
[Round "9.18"]
[White "Kulakov, Viacheslav"]
[Black "Feller, Sebastien"]
[Result "1-0"]
[WhiteElo "2261"]
[BlackElo "2513"]
[EventDate "2007.10.03"]
[PlyCount "83"]

1.d4 Nf6 2.Nf3 g6 3.Bg5 Bg7 4.Nbd2 O-O 5.c3 d5 6.e3 Nbd7 7.Bd3 Re8 8.O-O 
e5 9.dxe5 Nxe5 10.Nxe5 Rxe5 11.Bh4 c6 12.Qc2 Re8 13.e4 Qb6 14.exd5 cxd5 
15.Qb3 Ne4 16.Nxe4 dxe4 17.Rfe1 Bf5 18.Bc4 Qc7 19.Rad1 a6 20.h3 h5 21.Bd5 
Be5 22.Qxb7 Qxb7 23.Bxb7 Rab8 24.Bc6 Re6 25.Bd5 Rd6 26.Bb3 a5 27.Rxd6 Bxd6
28.g4 hxg4 29.hxg4 Bxg4 30.Rxe4 Bf5 31.Rd4 Rb6 32.Bd8 Ra6 33.Bc4 Rc6 34.
Bb5 Rc5 35.Bf6 Bf8 36.c4 Bg7 37.Bxg7 Kxg7 38.a3 Re5 39.b4 axb4 40.axb4 Be4
41.f4 Re7 42.c5 1-0

[Event "46th World U20 ch"]
[Site "Yerevan ARM"]
[Date "2007.10.12"]
[Round "9.19"]
[White "Nasri, Amin"]
[Black "Banusz, Tamas"]
[Result "0-1"]
[WhiteElo "2364"]
[BlackElo "2491"]
[EventDate "2007.10.03"]
[PlyCount "70"]

1.d4 d5 2.c4 c6 3.Nf3 Nf6 4.Nc3 e6 5.Bg5 dxc4 6.e4 b5 7.e5 h6 8.Bh4 g5 9.
exf6 gxh4 10.Ne5 Qxf6 11.a4 Bb4 12.Be2 Bb7 13.Bf3 Qe7 14.O-O O-O 15.Re1 a6
16.Re4 f5 17.Re2 Rd8 18.Qc2 Kg7 19.Rae1 Rd6 20.b3 Nd7 21.bxc4 Nxe5 22.Rxe5
Rf8 23.Qb2 Bxc3 24.Qxc3 bxc4 25.d5 Kh7 26.Rxe6 Rxe6 27.dxe6 h3 28.Qxc4 c5 
29.Rd1 Bc8 30.Bd5 Rd8 31.Re1 Bb7 32.Bxb7 Qxb7 33.f3 Qb2 34.Re2 Qa1+ 35.Kf2
hxg2 0-1